| Tag |
First Indicator |
Second Indicator |
Subfields |
| LEADER |
00000cam a2200000 4500 |
| 001 |
in00003876921 |
| 005 |
20190415192943.0 |
| 006 |
m o d |
| 007 |
cr |n||||||||n |
| 008 |
811001s1738 xxu|||| o 00| | eng c |
| 035 |
|
|
|a (CU-RivES)W31767
|
| 035 |
|
|
|a (Uk-ES)006457785
|
| 035 |
|
|
|a (OCoLC)511208951
|
| 040 |
|
|
|a MWA
|c MWA
|d CU-RivES
|d CStRLIN
|d Cengage Gale
|d UtOrBLW
|
| 050 |
|
4 |
|a Z1215
|b .E447 1738
|
| 100 |
1 |
|
|a Emerson, Joseph,
|d 1700-1767.
|0 http://id.loc.gov/authorities/names/n85024219
|
| 245 |
1 |
0 |
|a Early piety encouraged :
|b A discourse occasion'd by the joyful and triumphant death of a young woman of Malden, who died of the throat-distemper, Sept. 6. 1738. Aetat. 21. With a dedication to the children and youth of said town. By Joseph Emerson, V.D.M. [Three lines of Scripture texts].
|
| 264 |
|
3 |
|a Boston :
|b Printed by J. Draper, for H. Foster, in Cornhill,
|c 1738.
|
| 300 |
|
|
|a 1 online resource (2 unnumbered pages, viii, 30, 2 unnumbered pages)
|
| 336 |
|
|
|a text
|b txt
|2 rdacontent
|
| 337 |
|
|
|a computer
|b c
|2 rdamedia
|
| 338 |
|
|
|a online resource
|b cr
|2 rdacarrier
|
| 509 |
|
|
|a Signatures: [A]⁴(-A1) B-E⁴ F² (F2 blank). - HALF-TITLE WANTING?
|
| 510 |
4 |
|
|a Evans,
|c 4243
|
| 510 |
4 |
|
|a English Short Title Catalog,
|c W31767.
|
| 500 |
|
|
|a Reproduction of original from Boston Public Library.
|
| 500 |
|
|
|a Electronic resource.
|
| 600 |
1 |
0 |
|a Upham, Abigail,
|d 1718-1738.
|
| 655 |
|
7 |
|a Electronic books.
|2 local
|
| 655 |
|
7 |
|a Funeral sermons
|y 1738.
|2 rbgenr
|
| 700 |
1 |
|
|a Draper, John,
|d 1702-1762,
|e printer.
|0 http://id.loc.gov/authorities/names/n87869645
|
| 700 |
1 |
|
|a Foster, Hopestill,
|d 1708-
|e bookseller.
|0 http://id.loc.gov/authorities/names/n85323040
|
| 710 |
2 |
|
|a Gale (Firm)
|0 http://id.loc.gov/authorities/names/no2008071348
|
| 752 |
|
|
|a United States
|b Massachusetts
|d Boston.
|
| 856 |
4 |
0 |
|u http://proxy.library.tamu.edu/login?url=http://find.galegroup.com/ecco/infomark.do?contentSet=ECCOArticles&docType=ECCOArticles&bookId=1460202600&type=getFullCitation&tabID=T001&prodId=ECCO&docLevel=TEXT_GRAPHICS&version=1.0&source=library&userGroupName=txshracd2898
|z Connect to the full text of this electronic book
|t 0
|
| 999 |
f |
f |
|s a8176fa6-9222-3564-b276-883995cde48c
|i ab9e13c6-2e9d-3ba4-97d1-4bf99f1ce602
|t 0
|
| 952 |
f |
f |
|a Texas A&M University
|b College Station
|c Electronic Resources
|d Available Online
|t 0
|e Z1215 .E447 1738
|h Library of Congress classification
|
| 998 |
f |
f |
|a Z1215 .E447 1738
|t 0
|l Available Online
|